Rozhovor jako zdroj porozumění
Umenie rozhovoru ako každodenný pracovný prostriedok. Rozhovor je spoločným dielom rozprávajúcich sa. Dôvera a porozumenie medzi klientom a sociálnym pracovníkom.
Gespeichert in:
| 1. Verfasser: | |
|---|---|
| Format: | Buchkapitel |
| Sprache: | Tschechisch |
| Schlagworte: | |
| Tags: |
Keine Tags, Fügen Sie das erste Tag hinzu!
|
MARC
| LEADER | 00000naa a2200000 4500 | ||
|---|---|---|---|
| 001 | r018835 | ||
| 005 | 20221208131352.3 | ||
| 041 | 0 | |a cze | |
| 044 | |a CZ | ||
| 245 | 1 | 0 | |a Rozhovor jako zdroj porozumění |c L. Šimková |
| 520 | |a Umenie rozhovoru ako každodenný pracovný prostriedok. Rozhovor je spoločným dielom rozprávajúcich sa. Dôvera a porozumenie medzi klientom a sociálnym pracovníkom. | ||
| 610 | 2 | 0 | |a rozhovor |
| 610 | 2 | 0 | |a práca sociálna |
| 610 | 2 | 0 | |a pracovníci |
| 610 | 2 | 0 | |a osobnosť |
| 610 | 2 | 0 | |a sebarealizácia |
| 100 | 1 | |a Šimková, L. | |